[Event "POL-ch Universities"]
[Site "Lublin"]
[Date "2024.02.24"]
[Round "8"]
[White "Hasterok, Mateusz"]
[Black "Chaczynski, Kamil"]
[Result "1/2-1/2"]
[WhiteElo "2150"]
[BlackElo "2118"]
[PlyCount "48"]
[EventDate "2024.02.23"]
[EventType "swiss"]
[EventRounds "9"]
[EventCountry "POL"]
[SourceTitle "CB10_2024"]
[SourceDate "2024.03.06"]
[SourceVersion "1"]
[SourceVersionDate "2024.03.06"]
[SourceQuality "1"]

1. d4 d5 2. c4 e6 3. Nc3 a6 4. cxd5 exd5 5. Qb3 Nf6 6. Bg5 c5 7. Bxf6 gxf6 8. dxc5 d4 9. 0-0-0 Be6 10. Qxb7 Nd7 11. Rxd4 Bxc5 12. Rd1 Rb8 13. Qe4 Qa5 14. Qa4 Qb6 15. Qc2 Bxf2 16. Nf3 0-0 17. e4 Rfc8 18. Kb1 Bc5 19. Ka1 Bb4 20. Be2 Qa5 21. Qa4 Bxc3 22. Qxa5 Bxa5 23. Nd4 Ne5 24. Bxa6 Rd8 1/2-1/2

[Event "Katowice POL-HUN 10th"]
[Site "Katowice"]
[Date "2023.09.09"]
[Round "5"]
[White "Hasterok, Mateusz"]
[Black "Wieczorek, Jakub"]
[Result "1-0"]
[WhiteElo "2150"]
[BlackElo "1731"]
[PlyCount "77"]
[EventDate "2023.09.09"]
[EventType "swiss (rapid)"]
[EventRounds "9"]
[EventCountry "POL"]
[SourceTitle "EXT 2024"]
[Source "ChessBase"]
[SourceDate "2023.10.10"]
[SourceVersion "1"]
[SourceVersionDate "2023.10.10"]
[SourceQuality "1"]

1. d4 d5 2. c4 c6 3. Nc3 Nf6 4. e3 g6 5. Nf3 Bg7 6. Bd3 0-0 7. 0-0 Re8 8. Ne5 Be6 9. b3 c5 10. Be2 Nc6 11. Nxc6 bxc6 12. cxd5 cxd5 13. Bb2 cxd4 14. exd4 Ne4 15. Nxe4 dxe4 16. Bb5 Bd7 17. Bc4 e6 18. Re1 Bc6 19. Rc1 Qd6 20. Qd2 Red8 21. Red1 Bb7 22. Qa5 Qf4 23. Qe1 h5 24. Rc2 h4 25. Bc1 Qf5 26. Be3 h3 27. g3 Bxd4 28. Rcd2 Bb6 29. Qf1 Rxd2 30. Rxd2 Bxe3 31. fxe3 Qg5 32. Qf4 Qa5 33. Rf2 Rf8 34. Bxe6 Qe1+ 35. Rf1 Qd2 36. Bxf7+ Kh7 37. Qh4+ Kg7 38. Qf6+ Kh7 39. Qxg6+ 1-0

[Event "Pardubice Czech op-E 34th"]
[Site "Pardubice"]
[Date "2023.07.16"]
[Round "7"]
[White "Hasterok, Mateusz"]
[Black "Lacina, Filip"]
[Result "1/2-1/2"]
[WhiteElo "2185"]
[BlackElo "1995"]
[PlyCount "86"]
[EventDate "2023.07.13"]
[EventType "team-swiss"]
[EventRounds "7"]
[EventCountry "CZE"]
[SourceTitle "CBM 215 Extra"]
[Source "ChessBase"]
[SourceDate "2023.09.30"]
[SourceVersion "1"]
[SourceVersionDate "2023.09.30"]
[SourceQuality "1"]
[WhiteTeam "Frutti Di Mare"]
[BlackTeam "Vysehrad SK Sokol"]
[WhiteTeamCountry "CZE"]
[BlackTeamCountry "CZE"]

1. d4 d5 2. c4 e6 3. Nc3 c5 4. cxd5 exd5 5. Nf3 Nc6 6. g3 Nf6 7. Bg2 Be7 8. 0-0 0-0 9. Bg5 cxd4 10. Nxd4 h6 11. Be3 Bg4 12. h3 Be6 13. Rc1 Qd7 14. Kh2 Rad8 15. Nxc6 bxc6 16. Na4 Rfe8 17. Nc5 Qc8 18. Qa4 Bf5 19. Qxa7 Bf8 20. b4 d4 21. Bf4 Rxe2 22. Nb7 Qa8 23. Qb6 Rc8 24. Na5 Be4 25. Bxe4 Nxe4 26. Qxd4 c5 27. Qc4 Rxf2+ 28. Rxf2 Nxf2 29. Nb3 Ne4 30. Rc2 g5 31. Be3 Bd6 32. Bf2 Re8 33. bxc5 Nxf2 34. Rxf2 Bxg3+ 35. Kxg3 Re3+ 36. Kh2 Qb8+ 37. Kh1 Rxh3+ 38. Kg1 Qg3+ 39. Kf1 Rh1+ 40. Ke2 Qe5+ 41. Kd3 Qg3+ 42. Ke2 Qe5+ 43. Kd3 Qg3+ 1/2-1/2

[Event "EU-ch Blitz"]
[Site "Katowice"]
[Date "2022.12.16"]
[Round "18"]
[White "Kirk, Ezra"]
[Black "Hasterok, Mateusz"]
[Result "0-1"]
[WhiteElo "2432"]
[BlackElo "2162"]
[PlyCount "80"]
[EventDate "2022.12.16"]
[EventType "swiss (blitz)"]
[EventRounds "22"]
[EventCountry "POL"]
[SourceTitle "CBM 211 Extra"]
[Source "ChessBase"]
[SourceDate "2023.01.31"]
[SourceVersion "1"]
[SourceVersionDate "2023.01.31"]
[SourceQuality "1"]

1. b3 e5 2. Bb2 Nc6 3. e3 a6 4. Nf3 d6 5. c4 g6 6. Nc3 Bg7 7. h4 Bg4 8. Be2 f5 9. Ng5 Bxe2 10. Qxe2 Qd7 11. 0-0-0 h6 12. Nf3 e4 13. Ne1 Nge7 14. d4 0-0-0 15. Kb1 Kb8 16. Rc1 Rhf8 17. g3 Ng8 18. Nc2 Nf6 19. b4 Ng4 20. a4 g5 21. hxg5 hxg5 22. b5 Na7 23. Nb4 a5 24. Nbd5 Nc8 25. f3 exf3 26. Qxf3 c6 27. c5 dxc5 28. bxc6 bxc6 29. Rh7 cxd5 30. Nb5 c4 31. e4 fxe4 32. Qa3 Nf6 33. Rhh1 Qe7 34. Qc3 Qb4 35. Qc2 Nb6 36. Nc3 Qb3 37. Qd2 e3 38. Qxe3 Ne4 39. Rh7 Nxa4 40. Rc2 Rf1+ 0-1

[Event "EU-ch Blitz"]
[Site "Katowice"]
[Date "2022.12.16"]
[Round "6"]
[White "Stefanova, Antoaneta"]
[Black "Hasterok, Mateusz"]
[Result "1/2-1/2"]
[WhiteElo "2442"]
[BlackElo "2162"]
[PlyCount "151"]
[EventDate "2022.12.16"]
[EventType "swiss (blitz)"]
[EventRounds "22"]
[EventCountry "POL"]
[SourceTitle "CBM 211 Extra"]
[Source "ChessBase"]
[SourceDate "2023.01.31"]
[SourceVersion "1"]
[SourceVersionDate "2023.01.31"]
[SourceQuality "1"]

1. d4 Nf6 2. Nf3 d5 3. Bf4 c5 4. e3 Nc6 5. Nbd2 e6 6. c3 Nh5 7. Bg5 Qb6 8. Rb1 h6 9. Bh4 g5 10. Ne5 Nxe5 11. dxe5 Ng7 12. Bg3 Nf5 13. e4 Nxg3 14. hxg3 Bg7 15. exd5 exd5 16. f4 Bf5 17. Qa4+ Kf8 18. Rd1 Qxb2 19. Qb3 Qxb3 20. Nxb3 b6 21. Rxd5 Be6 22. Rd2 f6 23. Ba6 fxe5 24. fxe5 Kg8 25. 0-0 h5 26. Re1 h4 27. Rd6 Re8 28. Rxe6 Rxe6 29. Bc4 Kf7 30. Nd2 b5 31. Bxe6+ Kxe6 32. Nf3 hxg3 33. Nxg5+ Ke7 34. Ne4 Rc8 35. Nxg3 Ke6 36. Ne2 Bxe5 37. Kf2 Kd5 38. Rh1 a5 39. Rh4 Rg8 40. a3 a4 41. g3 Rg5 42. Kf3 Rf5+ 43. Ke3 Rf1 44. Rh5 Ra1 45. Nf4+ Kd6 46. Rh6+ Kd7 47. Nd3 Bxc3 48. Nxc5+ Ke7 49. Re6+ Kf7 50. Rb6 Rxa3 51. Rxb5 Be5+ 52. Ke4 Bxg3 53. Ra5 Bf2 54. Nxa4 Be1 55. Rf5+ Kg6 56. Nc5 Ra5 57. Rd5 Rb5 58. Rd6+ Kf7 59. Nd3 Bg3 60. Ra6 Rb1 61. Nc5 Re1+ 62. Kf3 Bh4 63. Ne4 Rb1 64. Kg4 Be7 65. Kf5 Rf1+ 66. Ke5 Re1 67. Ra7 Re2 68. Kf4 Re1 69. Ke5 Re2 70. Kf5 Re1 71. Nd6+ Kf8 72. Ra8+ Kg7 73. Ne4 Bb4 74. Rb8 Ba3 75. Rb7+ Kf8 76. Rb3 1/2-1/2

[Event "EU-ch Blitz"]
[Site "Katowice"]
[Date "2022.12.16"]
[Round "15"]
[White "Stremavicius, Pijus"]
[Black "Hasterok, Mateusz"]
[Result "0-1"]
[WhiteElo "2369"]
[BlackElo "2162"]
[PlyCount "102"]
[EventDate "2022.12.16"]
[EventType "swiss (blitz)"]
[EventRounds "22"]
[EventCountry "POL"]
[SourceTitle "CBM 211 Extra"]
[Source "ChessBase"]
[SourceDate "2023.01.31"]
[SourceVersion "1"]
[SourceVersionDate "2023.01.31"]
[SourceQuality "1"]

1. e4 c5 2. Nf3 e6 3. g3 Nc6 4. Bg2 Nf6 5. Qe2 e5 6. 0-0 Be7 7. Nc3 0-0 8. Nd5 d6 9. c3 Bg4 10. Nxe7+ Qxe7 11. h3 Bh5 12. g4 Bg6 13. Nh4 Rab8 14. Nf5 Bxf5 15. exf5 Rfe8 16. d3 h6 17. h4 e4 18. g5 hxg5 19. hxg5 Nh7 20. g6 fxg6 21. fxg6 Nf6 22. dxe4 Ne5 23. Bg5 Nxg6 24. f4 Qf7 25. Rae1 Nh7 26. Qh5 Ngf8 27. Qg4 Qg6 28. e5 dxe5 29. Be4 Nf6 30. Bxg6 Nxg4 31. Bxe8 Rxe8 32. fxe5 Nxe5 33. Kg2 Nfg6 34. Re4 Re6 35. Rfe1 Kf7 36. Kg3 b5 37. Be3 Nd3 38. Rxe6 Kxe6 39. Re2 Nge5 40. Bf4 Kd5 41. b3 c4 42. b4 g6 43. Be3 Nf7 44. Bxa7 Nd6 45. Bb8 Ne4+ 46. Rxe4 Kxe4 47. Kg4 Nc1 48. a3 Ne2 49. Kg5 Nxc3 50. Kxg6 Nb1 51. Ba7 c3 0-1

[Event "POL-chT 1st League"]
[Site "Sypniewo"]
[Date "2022.09.10"]
[Round "8.9"]
[White "Swiatnicki, Andrzej"]
[Black "Hasterok, Mateusz"]
[Result "0-1"]
[WhiteElo "1997"]
[BlackElo "2184"]
[PlyCount "66"]
[EventDate "2022.09.03"]
[EventType "team-swiss"]
[EventRounds "9"]
[EventCountry "POL"]
[SourceTitle "CBM 210 Extra"]
[Source "ChessBase"]
[SourceDate "2022.11.30"]
[SourceVersion "1"]
[SourceVersionDate "2022.11.30"]
[SourceQuality "1"]
[WhiteTeam "Konin Hetman"]
[BlackTeam "Strzelce Opolskie Strzelec"]
[WhiteTeamCountry "POL"]
[BlackTeamCountry "POL"]

1. e4 c5 2. c3 Nf6 3. e5 Nd5 4. d4 cxd4 5. cxd4 e6 6. Nc3 Nxc3 7. bxc3 Qc7 8. Bd2 d6 9. Nf3 Nd7 10. exd6 Bxd6 11. Bd3 0-0 12. 0-0 b6 13. Re1 Bb7 14. Be4 Rac8 15. Qe2 Rfd8 16. h3 Nf6 17. Bxb7 Qxb7 18. Ne5 Bxe5 19. Qxe5 Rd5 20. Qg3 Qc7 21. Bf4 Qc4 22. Be5 Ne8 23. Bf4 Ra5 24. Re3 Rxa2 25. Rae1 Rc2 26. h4 Kf8 27. Bd6+ Nxd6 28. Qxd6+ Kg8 29. Qe7 Rxc3 30. Qxa7 Rxe3 31. fxe3 b5 32. Qd7 Qc3 33. Kf2 b4 0-1

[Event "POL-chT 1st League"]
[Site "Sypniewo"]
[Date "2022.09.08"]
[Round "6.7"]
[White "Plichta, Kamil"]
[Black "Hasterok, Mateusz"]
[Result "1-0"]
[WhiteElo "2397"]
[BlackElo "2184"]
[PlyCount "83"]
[EventDate "2022.09.03"]
[EventType "team-swiss"]
[EventRounds "9"]
[EventCountry "POL"]
[SourceTitle "CBM 210 Extra"]
[Source "ChessBase"]
[SourceDate "2022.11.30"]
[SourceVersion "1"]
[SourceVersionDate "2022.11.30"]
[SourceQuality "1"]
[WhiteTeam "Podlesie UKS 21"]
[BlackTeam "Strzelce Opolskie Strzelec"]
[WhiteTeamCountry "POL"]
[BlackTeamCountry "POL"]

1. e4 c5 2. Nf3 e6 3. d4 cxd4 4. Nxd4 a6 5. Bd3 Nc6 6. Nxc6 bxc6 7. 0-0 d5 8. Nd2 Nf6 9. Re1 Be7 10. c3 Bb7 11. e5 Nd7 12. Qg4 Kf8 13. Nf3 h6 14. h4 c5 15. h5 c4 16. Bc2 Nc5 17. Nd4 a5 18. f4 Ra6 19. Be3 a4 20. Rab1 a3 21. b4 cxb3 22. Nxb3 Na4 23. Bd4 Qc7 24. Bd3 Ra8 25. f5 exf5 26. Qxf5 Kg8 27. e6 f6 28. Qg6 Rf8 29. Re3 Bc6 30. Rbe1 Be8 31. Qg4 Nb2 32. Bc2 Nc4 33. Rh3 g5 34. hxg6 Kg7 35. Rh5 Bc6 36. Rf1 Ne5 37. Bxe5 fxe5 38. Rf7+ Rxf7 39. gxf7+ Bg5 40. Qxg5+ hxg5 41. Rxh8 Qe7 42. Rg8+ 1-0

[Event "POL-chT 1st League"]
[Site "Sypniewo"]
[Date "2022.09.04"]
[Round "2.2"]
[White "Hasterok, Mateusz"]
[Black "Kosakowski, Jakub"]
[Result "0-1"]
[WhiteElo "2184"]
[BlackElo "2457"]
[PlyCount "96"]
[EventDate "2022.09.03"]
[EventType "team-swiss"]
[EventRounds "9"]
[EventCountry "POL"]
[SourceTitle "CBM 210 Extra"]
[Source "ChessBase"]
[SourceDate "2022.11.30"]
[SourceVersion "1"]
[SourceVersionDate "2022.11.30"]
[SourceQuality "1"]
[WhiteTeam "Strzelce Opolskie Strzelec"]
[BlackTeam "Dabrowa Gornicza Zaglebie"]
[WhiteTeamCountry "POL"]
[BlackTeamCountry "POL"]

1. d4 Nf6 2. Bg5 g6 3. Bxf6 exf6 4. e3 d5 5. g3 h5 6. h4 Bd6 7. Bg2 c6 8. Ne2 Nd7 9. Qd3 f5 10. c4 dxc4 11. Qxc4 0-0 12. 0-0 Nf6 13. Nd2 Re8 14. Qc2 Be6 15. a3 Qe7 16. Nc3 Rad8 17. Rfe1 Ng4 18. Nf3 a6 19. Rad1 Qc7 20. Ne2 Bd5 21. Nf4 Bxf4 22. exf4 Qb6 23. Qc3 Nf6 24. Ng5 Rxe1+ 25. Rxe1 Bxg2 26. Kxg2 Qxd4 27. Qxd4 Rxd4 28. Nf3 Rd7 29. Re2 Kf8 30. Ne5 Rd4 31. f3 Nd7 32. Nxd7+ Rxd7 33. Kf2 Rd3 34. Rc2 Rb3 35. Re2 c5 36. Rd2 c4 37. Ke2 Ke7 38. Rc2 b5 39. a4 Kd6 40. axb5 axb5 41. Rd2+ Kc5 42. Rc2 Kd4 43. Rd2+ Rd3 44. Rc2 b4 45. Rc1 Re3+ 46. Kf2 Rb3 47. Rd1+ Rd3 48. Re1 Rd2+ 0-1

[Event "POL-ch Academic"]
[Site "Chorzow"]
[Date "2022.04.02"]
[Round "9"]
[White "Chylewski, Patryk"]
[Black "Hasterok, Mateusz"]
[Result "1-0"]
[WhiteElo "2134"]
[BlackElo "2025"]
[PlyCount "61"]
[EventDate "2022.04.01"]
[EventType "swiss (rapid)"]
[EventRounds "9"]
[EventCountry "POL"]
[SourceTitle "EXT 2024"]
[Source "ChessBase"]
[SourceDate "2023.10.10"]
[SourceVersion "1"]
[SourceVersionDate "2023.10.10"]
[SourceQuality "1"]

1. d4 Nf6 2. c4 e6 3. Nf3 d5 4. Nc3 dxc4 5. e3 a6 6. Bxc4 b5 7. Bd3 Bb7 8. 0-0 Be7 9. Qe2 0-0 10. Rd1 Nbd7 11. e4 c5 12. e5 Nd5 13. Nxd5 Bxd5 14. Be4 Nb6 15. dxc5 Bxc5 16. Bxh7+ Kxh7 17. Ng5+ Kg6 18. Qc2+ f5 19. exf6+ Kxf6 20. Qxc5 Re8 21. h4 Rc8 22. Qd4+ e5 23. Qg4 Rc4 24. Qh5 Rh8 25. Nh7+ Ke6 26. Qg6+ Kd7 27. Bg5 Qb8 28. Be3 Rxh4 29. Bxb6 R4xh7 30. Rxd5+ Kc8 31. Qc6+ 1-0

[Event "POL-ch Academic"]
[Site "Chorzow"]
[Date "2022.04.01"]
[Round "4"]
[White "Janik, Igor"]
[Black "Hasterok, Mateusz"]
[Result "1-0"]
[WhiteElo "2386"]
[BlackElo "2025"]
[PlyCount "93"]
[EventDate "2022.04.01"]
[EventType "swiss (rapid)"]
[EventRounds "9"]
[EventCountry "POL"]
[SourceTitle "EXT 2024"]
[Source "ChessBase"]
[SourceDate "2023.10.10"]
[SourceVersion "1"]
[SourceVersionDate "2023.10.10"]
[SourceQuality "1"]

1. e4 c5 2. Nf3 Nc6 3. Bb5 g6 4. 0-0 Bg7 5. Re1 Nf6 6. e5 Nd5 7. d3 0-0 8. Nbd2 a6 9. Bxc6 dxc6 10. h3 b5 11. Ne4 Qb6 12. Qe2 Bf5 13. Ng3 Bd7 14. c4 Nc7 15. Be3 Ne6 16. Ne4 Nd4 17. Qd1 Rad8 18. Nxc5 Qxc5 19. Bxd4 Qb4 20. a3 Qa5 21. b4 Qc7 22. Qe2 Bf5 23. Qe3 Qc8 24. Rad1 h5 25. Bc5 Rfe8 26. Nd4 Kh7 27. Bb6 Bh6 28. Qf3 Rxd4 29. Bxd4 Qe6 30. Be3 Bg7 31. Bc5 Rc8 32. cxb5 cxb5 33. d4 Bc2 34. Rd2 Bf5 35. d5 Qd7 36. Rd4 a5 37. g4 axb4 38. axb4 hxg4 39. hxg4 Bc2 40. Qxf7 Rf8 41. Qxe7 Qc8 42. Qh4+ Kg8 43. Bxf8 Qc3 44. Bxg7 Qxe1+ 45. Kh2 Kxg7 46. Qf6+ Kg8 47. Rf4 1-0

[Event "POL-ch Ekstraliga-B Rapid"]
[Site "Bydgoszcz"]
[Date "2022.03.12"]
[Round "6.3"]
[White "Wieczorek, Oskar"]
[Black "Hasterok, Mateusz"]
[Result "1-0"]
[WhiteElo "2500"]
[BlackElo "2132"]
[PlyCount "119"]
[EventDate "2022.03.11"]
[EventType "team-tourn (rapid)"]
[EventRounds "10"]
[EventCountry "POL"]
[SourceTitle "CBM 207 Extra"]
[Source "ChessBase"]
[SourceDate "2022.05.31"]
[SourceVersion "1"]
[SourceVersionDate "2022.05.31"]
[SourceQuality "1"]
[WhiteTeam "Wroclaw Polonia"]
[BlackTeam "Strzelce Opolskie Strzelec"]
[WhiteTeamCountry "POL"]
[BlackTeamCountry "POL"]

1. e4 c5 2. Nf3 e6 3. g3 d5 4. exd5 exd5 5. d4 cxd4 6. Nxd4 Nf6 7. Bg2 Be7 8. 0-0 0-0 9. Nc3 Nc6 10. h3 h6 11. Re1 Re8 12. Bf4 a6 13. a3 Bd7 14. Qd3 Nxd4 15. Qxd4 Be6 16. Rad1 Rc8 17. Be5 Rc4 18. Qd3 Qc8 19. Bxf6 Bxf6 20. Nxd5 Bxd5 21. Bxd5 Rxe1+ 22. Rxe1 Rd4 23. Qb3 Qd7 24. Bxf7+ Kh7 25. Be6 Qc7 26. Bg8+ Kh8 27. Re8 Rd8 28. Rxd8 Qxd8 29. Bd5 b6 30. c3 Qd6 31. Qc4 Qc5 32. Qe4 Qe7 33. Qd3 a5 34. Kg2 Qe5 35. Bf3 Qc5 36. Qe4 Qe7 37. Qa8+ Kh7 38. Qc6 Qd8 39. h4 Kh8 40. Qe6 Kh7 41. Be4+ Kh8 42. Qc6 Kg8 43. b4 axb4 44. axb4 g5 45. h5 Bg7 46. Qe6+ Kh8 47. Qf5 Kg8 48. c4 Qe8 49. Qd5+ Kh8 50. Bf3 Qb8 51. c5 bxc5 52. bxc5 Qc8 53. c6 g4 54. Be4 Qc7 55. Qf5 Kg8 56. Qe6+ Kh8 57. Qxg4 Kg8 58. Qe6+ Kh8 59. Bd5 Qd8 60. c7 1-0

[Event "EU-ch Rapid"]
[Site "Katowice"]
[Date "2021.12.18"]
[Round "6"]
[White "Wisniewski, Adrian"]
[Black "Hasterok, Mateusz"]
[Result "1/2-1/2"]
[WhiteElo "2351"]
[BlackElo "2132"]
[PlyCount "106"]
[EventDate "2021.12.18"]
[EventType "swiss (rapid)"]
[EventRounds "11"]
[EventCountry "POL"]
[SourceTitle "CBM 205 Extra"]
[Source "ChessBase"]
[SourceDate "2022.01.31"]
[SourceVersion "1"]
[SourceVersionDate "2022.01.31"]
[SourceQuality "1"]

1. e4 c5 2. Nf3 e6 3. c3 Qa5 4. Bc4 b5 5. Bb3 Bb7 6. d3 Nf6 7. 0-0 Be7 8. Bg5 d6 9. Nbd2 Nbd7 10. Qe2 h6 11. Bh4 g5 12. Bg3 Nh5 13. d4 Qb6 14. a4 a6 15. axb5 axb5 16. Rxa8+ Bxa8 17. Ra1 Bb7 18. e5 Nxg3 19. hxg3 dxe5 20. dxe5 g4 21. Nh2 h5 22. Bc2 c4 23. Nhf1 h4 24. Be4 hxg3 25. Nxg3 Bh4 26. Bxb7 Qxb7 27. Nde4 Ke7 28. Qe3 Qd5 29. Nf6 Qxe5 30. Nxg4 Qxe3 31. Nxe3 Bxg3 32. fxg3 Rg8 33. Kf2 Nc5 34. Ra7+ Kf6 35. Kf3 Nd3 36. Ng4+ Kg7 37. Rb7 Nxb2 38. Rxb5 Nd3 39. Rb7 Ra8 40. Rc7 Kg6 41. Ke3 f5 42. Rxc4 Nb2 43. Rb4 Nd1+ 44. Kd2 Rd8+ 45. Rd4 Rxd4+ 46. cxd4 fxg4 47. Kxd1 Kf5 48. Kd2 Ke4 49. Kc3 Ke3 50. Kc4 Kf2 51. Kc5 Kxg3 52. Kd6 Kxg2 53. Kxe6 Kf2 1/2-1/2

[Event "EU-ch Blitz"]
[Site "Katowice"]
[Date "2021.12.17"]
[Round "3"]
[White "Hasterok, Mateusz"]
[Black "Duda, Jan Krzysztof"]
[Result "0-1"]
[WhiteElo "2132"]
[BlackElo "2760"]
[PlyCount "48"]
[EventDate "2021.12.17"]
[EventType "swiss (blitz)"]
[EventRounds "22"]
[EventCountry "POL"]
[SourceTitle "CBM 205 Extra"]
[Source "ChessBase"]
[SourceDate "2022.01.31"]
[SourceVersion "1"]
[SourceVersionDate "2022.01.31"]
[SourceQuality "1"]

1. d4 Nf6 2. c4 e6 3. Nc3 Bb4 4. f3 0-0 5. a3 Bxc3+ 6. bxc3 Nh5 7. Nh3 f5 8. Bg5 Qe8 9. e3 d6 10. Be2 e5 11. Qd2 f4 12. exf4 Bxh3 13. gxh3 Nxf4 14. 0-0-0 Nxe2+ 15. Qxe2 Nc6 16. Rhg1 exd4 17. Qxe8 Raxe8 18. f4 dxc3 19. Rd3 Re6 20. Rxc3 h6 21. Bh4 Nd4 22. Kd1 Ne2 23. Rcg3 Nxg1 24. Rxg1 Rxf4 0-1

[Event "SVK-ch Amateurs"]
[Site "Topolcany"]
[Date "2021.08.06"]
[Round "1"]
[White "Hasterok, Mateusz"]
[Black "Petro, Lukas"]
[Result "1-0"]
[WhiteElo "2115"]
[BlackElo "1738"]
[PlyCount "93"]
[EventDate "2021.08.06"]
[EventType "swiss"]
[EventRounds "7"]
[EventCountry "SVK"]
[SourceTitle "EXT 2022"]
[Source "ChessBase"]
[SourceDate "2021.10.06"]
[SourceVersion "1"]
[SourceVersionDate "2021.10.06"]
[SourceQuality "1"]

1. d4 d5 2. c4 e6 3. Nc3 Nf6 4. Nf3 Bb4 5. cxd5 exd5 6. Bg5 Bf5 7. e3 0-0 8. Bd3 Bxc3+ 9. bxc3 Bxd3 10. Qxd3 Nbd7 11. 0-0 Qe7 12. Nd2 c6 13. a4 h6 14. Bh4 g5 15. Bg3 Nh5 16. Qf5 Nxg3 17. hxg3 Qe6 18. Qd3 f5 19. f3 Nf6 20. g4 Rae8 21. Rae1 Nd7 22. gxf5 Qxf5 23. Qxf5 Rxf5 24. e4 dxe4 25. fxe4 Rxf1+ 26. Rxf1 Kg7 27. e5 c5 28. Ne4 cxd4 29. cxd4 Nb6 30. Nd6 Rf8 31. Rc1 Nxa4 32. Rc7+ Kg6 33. e6 Nb6 34. e7 Rb8 35. e8Q+ Rxe8 36. Nxe8 Nd5 37. Rxb7 Nf4 38. Rxa7 Ne2+ 39. Kf2 Nxd4 40. Ra6+ Kf7 41. Nd6+ Ke7 42. g4 Kd7 43. Nf5 Nxf5 44. gxf5 h5 45. Rg6 g4 46. Rh6 Ke7 47. Rxh5 1-0

[Event "Opole Termika Blitz op"]
[Site "Opole"]
[Date "2021.07.18"]
[Round "4"]
[White "Barski, Radoslaw"]
[Black "Hasterok, Mateusz"]
[Result "1-0"]
[WhiteElo "2441"]
[BlackElo "2115"]
[PlyCount "57"]
[EventDate "2021.07.18"]
[EventType "swiss (blitz)"]
[EventRounds "13"]
[EventCountry "POL"]
[SourceTitle "CBM 203 Extra"]
[Source "ChessBase"]
[SourceDate "2021.09.30"]
[SourceVersion "1"]
[SourceVersionDate "2021.09.30"]
[SourceQuality "1"]

1. e4 c5 2. Nc3 a6 3. g3 b5 4. Bg2 Bb7 5. Nge2 e6 6. d4 cxd4 7. Nxd4 Nc6 8. Nxc6 Bxc6 9. 0-0 Bc5 10. b3 Ne7 11. Bb2 0-0 12. a3 Qc7 13. Qg4 Ng6 14. Rad1 Rad8 15. Kh1 Qb7 16. Nd5 exd5 17. exd5 Qb6 18. dxc6 dxc6 19. h4 Rxd1 20. Rxd1 f6 21. Qe6+ Kh8 22. h5 Ne5 23. h6 Bxf2 24. hxg7+ Kxg7 25. Bxe5 Qe3 26. Rd7+ Kg6 27. Qg4+ Qg5 28. Be4+ f5 29. Rg7+ 1-0

[Event "Opole Termika Blitz op"]
[Site "Opole"]
[Date "2021.07.18"]
[Round "9"]
[White "Szadkowski, Kamil"]
[Black "Hasterok, Mateusz"]
[Result "1-0"]
[WhiteElo "2282"]
[BlackElo "2115"]
[PlyCount "131"]
[EventDate "2021.07.18"]
[EventType "swiss (blitz)"]
[EventRounds "13"]
[EventCountry "POL"]
[SourceTitle "CBM 203 Extra"]
[Source "ChessBase"]
[SourceDate "2021.09.30"]
[SourceVersion "1"]
[SourceVersionDate "2021.09.30"]
[SourceQuality "1"]

1. e4 c5 2. Nf3 e6 3. c4 Nc6 4. Nc3 Nf6 5. Be2 d5 6. exd5 exd5 7. cxd5 Nxd5 8. 0-0 Be7 9. d4 Nxc3 10. bxc3 cxd4 11. cxd4 0-0 12. d5 Bf6 13. Rb1 Ne5 14. Nxe5 Bxe5 15. Bf3 Qc7 16. g3 Bf5 17. Rb4 Rad8 18. Bf4 Bxf4 19. Rxf4 Bg6 20. Qb3 b6 21. Rc4 Qd6 22. Rc6 Qe5 23. Rfc1 Bf5 24. Rc7 Ra8 25. Qc3 Qd6 26. Qc6 Qa3 27. d6 Rad8 28. d7 Rxd7 29. Bd5 Rxc7 30. Qxc7 Bg6 31. h4 h5 32. Rc6 Qd3 33. Qe5 Qd1+ 34. Kg2 Rd8 35. Bb3 Qd4 36. Qxd4 Rxd4 37. Rxg6 Rb4 38. Rg5 a5 39. Rxh5 a4 40. Bd5 g6 41. Re5 Kg7 42. Re7 b5 43. Rxf7+ Kh6 44. Kh3 g5 45. Rf6+ Kg7 46. hxg5 Rb2 47. Kg2 b4 48. Ra6 a3 49. Rb6 Rb1 50. g4 Rb2 51. Bb3 Kh7 52. Rxb4 Kg7 53. Ra4 Rb1 54. Rxa3 Rc1 55. Ra6 Rc3 56. f3 Rd3 57. Kg3 Rc3 58. Kf4 Rc5 59. g6 Kh6 60. Kg3 Rc1 61. g5+ Kh5 62. g7 Rg1+ 63. Kf2 Rxg5 64. Ra5 Rxa5 65. g8Q Rf5 66. Qg4+ 1-0

[Event "POL-ch Academic"]
[Site "Chorzow"]
[Date "2021.05.15"]
[Round "7.10"]
[White "Hasterok, Mateusz"]
[Black "Cukrowski, Filip"]
[Result "1/2-1/2"]
[WhiteElo "2115"]
[BlackElo "2412"]
[PlyCount "75"]
[EventDate "2021.05.14"]
[EventType "swiss (rapid)"]
[EventRounds "9"]
[EventCountry "POL"]
[SourceTitle "CBM 202 Extra"]
[Source "ChessBase"]
[SourceDate "2021.07.31"]
[SourceVersion "1"]
[SourceVersionDate "2021.07.31"]
[SourceQuality "1"]

1. d4 Nf6 2. c4 e6 3. Nc3 d5 4. Nf3 Bb4 5. Bg5 h6 6. Bxf6 Qxf6 7. e3 dxc4 8. Bxc4 0-0 9. 0-0 Bd7 10. Ne4 Qe7 11. a3 Bd6 12. Nxd6 Qxd6 13. Rc1 Bc6 14. Ne5 Bd5 15. Bxd5 exd5 16. Qf3 c6 17. Rc3 Nd7 18. Nxd7 Qxd7 19. Rfc1 Rae8 20. b4 a6 21. a4 f5 22. g3 Rf7 23. b5 axb5 24. axb5 Re6 25. bxc6 bxc6 26. Qd1 g5 27. Qa4 Rff6 28. Qa8+ Re8 29. Qa6 Rc8 30. Rb3 f4 31. Rb7 Rc7 32. Rxc7 Qxc7 33. Rb1 fxe3 34. fxe3 Qe7 35. Rb3 Qe6 36. Qd3 Rf7 37. Rb8+ Kg7 38. Rb3 1/2-1/2

[Event "POL-ch Academic"]
[Site "Chorzow"]
[Date "2021.05.15"]
[Round "8.7"]
[White "Lewicki, Miroslaw"]
[Black "Hasterok, Mateusz"]
[Result "1-0"]
[WhiteElo "2348"]
[BlackElo "2115"]
[PlyCount "117"]
[EventDate "2021.05.14"]
[EventType "swiss (rapid)"]
[EventRounds "9"]
[EventCountry "POL"]
[SourceTitle "CBM 202 Extra"]
[Source "ChessBase"]
[SourceDate "2021.07.31"]
[SourceVersion "1"]
[SourceVersionDate "2021.07.31"]
[SourceQuality "1"]

1. e4 c5 2. Nf3 e6 3. Nc3 Nc6 4. g3 d5 5. Bg2 Nf6 6. exd5 exd5 7. 0-0 Be7 8. d4 cxd4 9. Nxd4 0-0 10. h3 Nxd4 11. Qxd4 Be6 12. Bf4 Qd7 13. Kh2 Rfd8 14. Rad1 a6 15. Na4 Qc6 16. Rd3 Ne4 17. Nc3 Bc5 18. Qe5 Bd6 19. Nxd5 Bxd5 20. Qxd5 Qxd5 21. Rxd5 Bxf4 22. Bxe4 Re8 23. Bxh7+ Kxh7 24. gxf4 Re2 25. Rc5 Rd8 26. Rc7 Rdd2 27. Rxf7 Rxc2 28. Rxb7 Rxb2 29. Rxb2 Rxb2 30. Kg3 Rxa2 31. Rb1 a5 32. f5 Kh6 33. h4 a4 34. Rb6+ Kh7 35. Rb7 Kh6 36. Rb8 Kh7 37. Ra8 a3 38. f3 Ra1 39. Kf4 a2 40. h5 Rh1 41. Rxa2 Rxh5 42. Ra7 Rh6 43. Kg5 Rf6 44. Re7 Rf8 45. Re2 Rf6 46. Re6 Rf7 47. f4 Ra7 48. f6 gxf6+ 49. Kxf6 Ra5 50. f5 Ra1 51. Kf7 Rf1 52. f6 Kh6 53. Ke7 Kg6 54. Rd6 Re1+ 55. Re6 Rf1 56. Re2 Rf5 57. Rg2+ Kh6 58. f7 Re5+ 59. Kf6 1-0